Introduction a la pratique des accouchemens. (Record no. 48537)

MARC details
000 -LEADER
campo de control de longitud fija 00613nam a22001815i 4500
001 - NÚMERO DE CONTROL
campo de control 48537
003 - IDENTIFICADOR DE NÚMERO DE CONTROL
campo de control ES-MaACL
007 - CAMPO FIJO DE DESCRIPCIÓN FÍSICA--INFORMACIÓN GENERAL
campo de control de longitud fija t|
008 - DATOS DE LONGITUD FIJA--INFORMACIÓN GENERAL
campo de control de longitud fija 950726s1802 fr ||||1| fre d
040 ## - FUENTE DE CATALOGACIÓN
Centro catalogador/agencia de origen CAM
Lengua de catalogación spa
Centro/agencia transcriptor CAM
100 1# - ENTRADA PRINCIPAL--NOMBRE DE PERSONA
Nombre de persona Denman, Thomas.
9 (RLIN) 43719
245 10 - MENCIÓN DEL TÍTULO
Título Introduction a la pratique des accouchemens.
Número de parte o sección de la obra , . Vol. II /
Mención de responsabilidad, etc. par Thomas Denman ; traduite de l'anglais par J. F. Kluyskens.
260 ## - PUBLICACIÓN, DISTRIBUCIÓN, ETC.
Lugar de publicación, distribución, etc. Paris :
Nombre del editor, distribuidor, etc. Richard, Caille et Ravier [et] Mequicnon,
Fecha de publicación, distribución, etc. 1802 (
Lugar de fabricación/manufactura Gand :
Fabricante A. B. Stéven)
300 ## - DESCRIPCIÓN FÍSICA
Extensión 1 v. ;
Dimensiones 20 cm.
650 14 - PUNTO DE ACCESO ADICIONAL DE MATERIA--TÉRMINO DE MATERIA
Término de materia o nombre geográfico como elemento de entrada Parto.
9 (RLIN) 15879
700 1# - ENTRADA AGREGADA--NOMBRE PERSONAL
Nombre de persona Kluyskens, J. F.
9 (RLIN) 68314
852 ## - LOCALIZACIÓN
Ubicación ES-MaACL
Número de control de estantería G-14568
Holdings
Estatus retirado Estado de pérdida Estado de daño No para préstamo Colección Biblioteca de origen Biblioteca actual Ubicación en estantería Fecha de adquisición Fuente de adquisición Total de préstamos Signatura topográfica completa Código de barras Visto por última vez Precio de reemplazo Tipo de ítem Koha
        Libros del s. XIX Biblioteca del Ateneo de Madrid Biblioteca del Ateneo de Madrid Sala Pecera Planta 3 17/01/2008     G-14568 1051080 23/02/2023 23/02/2023 Libro impreso antiguo